[Event "Alcorcon Diagonal op 2nd"]
[Site "Alcorcon"]
[Date "2023.12.26"]
[Round "2"]
[White "Blanco Barrios, Aitana"]
[Black "Perez Bartolome, Alberto Peicheng"]
[Result "0-1"]
[WhiteElo "1575"]
[BlackElo "1293"]
[PlyCount "36"]
[EventDate "2023.12.26"]
[EventType "swiss"]
[EventRounds "9"]
[EventCountry "ESP"]
[SourceTitle "CB01_2024"]
[SourceDate "2024.01.03"]
[SourceVersion "1"]
[SourceVersionDate "2024.01.03"]
[SourceQuality "1"]

1. e4 e5 2. Nf3 Nc6 3. d4 exd4 4. Bc4 Bb4+ 5. c3 dxc3 6. bxc3 Bc5 7. 0-0 Nf6 8. e5 d5 9. Bb5 Ne4 10. Qa4 Bb6 11. Nd4 0-0 12. Ba3 Qg5 13. Be2 Re8 14. Kh1 Qxe5 15. Nxc6 bxc6 16. f4 Qe6 17. Bf3 Ng3+ 18. hxg3 Qh6+ 0-1

[Event "ESP-ch U16 rapid"]
[Site "Salobrena"]
[Date "2023.07.29"]
[Round "2"]
[White "Blanco Barrios, Aitana"]
[Black "Fernandez Climent, Albert"]
[Result "0-1"]
[WhiteElo "1467"]
[BlackElo "1916"]
[PlyCount "80"]
[EventDate "2023.07.29"]
[EventType "swiss (rapid)"]
[EventRounds "9"]
[EventCountry "ESP"]
[SourceTitle "EXT 2024"]
[Source "ChessBase"]
[SourceDate "2023.10.10"]
[SourceVersion "1"]
[SourceVersionDate "2023.10.10"]
[SourceQuality "1"]

1. e4 e6 2. d4 d5 3. Nc3 Nf6 4. Bd3 c5 5. Nf3 Nc6 6. e5 Nd7 7. Be3 cxd4 8. Nxd4 Ndxe5 9. Be2 Be7 10. 0-0 0-0 11. Bf4 Bf6 12. Nf3 Nxf3+ 13. Bxf3 Qb6 14. Rb1 Ne5 15. Be2 Bd7 16. Be3 Qc7 17. f4 Nc4 18. Bd4 Bxd4+ 19. Qxd4 Rfc8 20. Qd3 b6 21. b3 Na3 22. Rbd1 Qxc3 23. Rf3 Qxc2 24. Rh3 Qxd3 25. Bxd3 h6 26. Rf1 Bb5 27. Rff3 Bxd3 28. Rxd3 Rc1+ 29. Kf2 Rac8 30. Rhe3 R8c2+ 31. Kf3 Rf1+ 32. Kg3 Rg1 33. h3 Rgxg2+ 34. Kh4 Rcf2 35. Rd4 Nc2 36. Red3 Nxd4 37. Rxd4 g5+ 38. fxg5 hxg5+ 39. Kh5 Kg7 40. Rd3 Rf6 0-1